Sports Quiz

Random Sports or Numbers Quiz

Winnipeg Jets most points/wins by jersey number Quiz Stats

 Plays Quiz not verified by Sporcle

Support Sporcle.
Go Orange.
Score 0/75 Timer 10:00
0 Plays Today
Jersey number Player % Correct
17Ilya Kovalchuk
97.9%
10Bryan Little
95.8%
18Bryan Little
95.8%
26Blake Wheeler
95.8%
29Patrik Laine
95.8%
33Dustin Byfuglien
95.8%
55Mark Scheifele
95.8%
31Ondrej Pavelec
93.8%
37Connor Hellebuyck
91.7%
8Jacob Trouba
85.4%
15Dany Heatley
85.4%
27Nikolaj Ehlers
85.4%
81Kyle Connor
85.4%
85Mathieu Perreault
85.4%
32Kari Lehtonen
83.3%
9Evander Kane
81.3%
39Tobias Enstrom
81.3%
57Tyler Myers
81.3%
16Andrew Ladd
79.2%
13Vyacheslav Kozlov
75%
44Josh Morrissey
70.8%
80Nik Antropov
62.5%
50Chris Mason
58.3%
4Zach Bogosian
56.3%
21Ray Ferraro
54.2%
34Michael Hutchinson
50%
1Johan Hedberg
43.8%
12Todd White
43.8%
40Joel Armia
43.8%
61Maxim Afinogenov
43.8%
22Chris Thorburn
41.7%
52Jack Roslovic
39.6%
63Ben Chiarot
37.5%
5Mark Stuart
31.3%
47Rich Peverley
31.3%
49Colin Stuart
31.3%
83Sami Niku
31.3%
6Ron Hainsey
29.2%
Jersey number Player % Correct
48Brendan Lemieux
29.2%
67Michael Frolik
29.2%
2Garnet Exelby
27.1%
88Nathan Beaulieu
27.1%
28Niclas Havelid
22.9%
38Yannick Tremblay
22.9%
20Colby Armstrong
20.8%
23Jim Slater
20.8%
35Al Montoya
20.8%
82Mason Appleton
20.8%
93Kristian Vesalainen
20.8%
30Laurent Brossoit
20%
77Pavel Kubina
18.8%
36Eric Boulton
16.7%
56Marko Dano
14.6%
14Tomi Kallio
12.5%
25Andy Sutton
12.5%
7Greg de Vries
10.4%
45Patrice Cormier
10.4%
70Joseph Morrow
10.4%
91Jiri Tlusty
10.4%
19Shawn McEachern
8.3%
11Eric Perrin
6.3%
41Clarke MacArthur
6.3%
46Spencer Machacek
6.3%
24Andreas Karlsson
4.2%
53Brett Festerling
4.2%
58Eric O'Dell
4.2%
62Nelson Nogier
4.2%
72Scott Kosmachuk
4.2%
76Evgeny Artyukhin
4.2%
42Richard Smehlik
2.1%
43Mike Weaver
2.1%
51Andrei Zubarev
2.1%
71Jiri Slegr
2.1%
3Tucker Poolman
0%
73C.J. Suess
0%

You're not logged in!

Compare scores with friends on all Sporcle quizzes.
OR
Log In

From the Vault

Choose Your Planet

by corndog

We did poorly on this quiz, but it's probably because we kept typing in Kashyyyk.
Remove Ads.
Support Sporcle.
Get the best of Sporcle when you Go Orange. This ad-free experience offers more features, more stats, and more fun while also helping to support Sporcle. Thank you for becoming a member.

Show Comments

Extras

Top Quizzes Today


Score Distribution

Your Account Isn't Verified!

In order to create a playlist on Sporcle, you need to verify the email address you used during registration. Go to your Sporcle Settings to finish the process.

Report this User

Report this user for behavior that violates our Community Guidelines.

Details: